000 00314nam a2200121Ia 4500
008 220216s9999 xx 000 0 und d
100 _aFraser A
245 0 _aPlant used in the manufacture of synthetic resins
260 _bIRI Transactions
_c1931
300 _a516-525
650 _aSynthetic resins
942 _cJS
999 _c65106
_d65106